| 000 -LEADER |
| fixed length control field |
00756cam a22002414a 4500 |
| 003 - CONTROL NUMBER IDENTIFIER |
| control field |
OSt |
| 005 - DATE AND TIME OF LATEST TRANSACTION |
| control field |
20220307115121.0 |
| 008 - FIXED-LENGTH DATA ELEMENTS--GENERAL INFORMATION |
| fixed length control field |
010410s2001 nyua 001 0 eng |
| 020 ## - INTERNATIONAL STANDARD BOOK NUMBER |
| International Standard Book Number |
9780471411017 |
| 082 00 - DEWEY DECIMAL CLASSIFICATION NUMBER |
| Classification number |
658.15 |
| Edition number |
21 |
| Item number |
EVA |
| 100 1# - MAIN ENTRY--PERSONAL NAME |
| Personal name |
Evans, Frank C. |
| 245 10 - TITLE STATEMENT |
| Title |
Valuation for M&A : |
| Remainder of title |
building value in private companies / |
| Statement of responsibility, etc |
Frank C. Evans, David M. Bishop. |
| 246 3# - VARYING FORM OF TITLE |
| Title proper/short title |
Valuation for M & A |
| 246 3# - VARYING FORM OF TITLE |
| Title proper/short title |
Valuation for M and A |
| 260 ## - PUBLICATION, DISTRIBUTION, ETC. (IMPRINT) |
| Place of publication, distribution, etc |
New York : |
| Name of publisher, distributor, etc |
John Wiley & Sons, |
| Date of publication, distribution, etc |
c2001. |
| 300 ## - PHYSICAL DESCRIPTION |
| Extent |
xiii, 298 p. : |
| Other physical details |
ill. ; |
| Dimensions |
24 cm. |
| 440 #0 - SERIES STATEMENT/ADDED ENTRY--TITLE |
| Title |
Wiley M&A library |
| 500 ## - GENERAL NOTE |
| General note |
Includes index. |
| 650 #0 - SUBJECT ADDED ENTRY--TOPICAL TERM |
| Topical term or geographic name as entry element |
Corporations |
| General subdivision |
Valuation. |
| 650 #0 - SUBJECT ADDED ENTRY--TOPICAL TERM |
| Topical term or geographic name as entry element |
Consolidation and merger of corporations. |
| 700 1# - ADDED ENTRY--PERSONAL NAME |
| Personal name |
Bishop, David M., |
| Dates associated with a name |
1940- |
| 942 ## - ADDED ENTRY ELEMENTS (KOHA) |
| Source of classification or shelving scheme |
|